000 00222nam a2200085Ia 4500
008 120527s9999 xx 000 0 und d
100 _aTagiun & Petrulus
245 _aPerson perception and interpersonal behavior
942 _cBK
999 _c27533
_d27533